Embedded System Design : (Record no. 611308)
[ view plain ]
| 000 -LEADER | |
|---|---|
| fixed length control field | 00946nam a22001937a 4500 |
| 003 - CONTROL NUMBER IDENTIFIER | |
| control field | NUST |
| 005 - DATE AND TIME OF LATEST TRANSACTION | |
| control field | 20240831160503.0 |
| 020 ## - INTERNATIONAL STANDARD BOOK NUMBER | |
| International Standard Book Number | 9783030609092 |
| 082 ## - DEWEY DECIMAL CLASSIFICATION NUMBER | |
| Classification number | 621.3815,MAR |
| 100 ## - MAIN ENTRY--PERSONAL NAME | |
| Personal name | Marwedel, Peter |
| 9 (RLIN) | 61206 |
| 245 ## - TITLE STATEMENT | |
| Title | Embedded System Design : |
| Remainder of title | Embedded Systems Foundations of Cyber-Physical Systems, and the Internet of Things / |
| Statement of responsibility, etc. | Peter Marwedel, |
| 250 ## - EDITION STATEMENT | |
| Edition statement | Fourth Edition |
| 260 ## - PUBLICATION, DISTRIBUTION, ETC. | |
| Place of publication, distribution, etc. | USA |
| Name of publisher, distributor, etc. | Springer, |
| Date of publication, distribution, etc. | 2021 |
| 300 ## - PHYSICAL DESCRIPTION | |
| Extent | xiv, 433 p |
| 505 ## - FORMATTED CONTENTS NOTE | |
| Formatted contents note | Introduction (Page-1), Specifications and Modeling (Page-29), Embedded System Hardware (Page-127), System Software (Page-203), Evaluation and Validation (Page-239), Application Mapping (Page-295), Optimization (Page-349), Test (Page-381). |
| 650 ## - SUBJECT ADDED ENTRY--TOPICAL TERM | |
| Topical term or geographic name entry element | Electronic circuits | Electronics | Microelectronics | Microprocessors | Circuits and Systems | |
| 9 (RLIN) | 125561 |
| 651 ## - SUBJECT ADDED ENTRY--GEOGRAPHIC NAME | |
| Geographic name | Electronics and Microelectronics, Instrumentation | Processor Architectures |
| 9 (RLIN) | 125562 |
| 942 ## - ADDED ENTRY ELEMENTS (KOHA) | |
| Source of classification or shelving scheme | |
| Koha item type | Reference |
| Withdrawn status | Lost status | Source of classification or shelving scheme | Damaged status | Not for loan | Permanent Location | Current Location | Shelving location | Date acquired | Full call number | Barcode | Date last seen | Price effective from | Koha item type | Public note |
|---|---|---|---|---|---|---|---|---|---|---|---|---|---|---|
| Military College of Signals (MCS) | Military College of Signals (MCS) | General Stacks | 08/31/2024 | 621.3815,MAR | MCS38832 | 08/31/2024 | 08/31/2024 | Book | Almirah No.33, Shelf No.1 |
